Cosechadoras de forrajes / (Record no. 218248)
[ view plain ]
| 000 -CABECERA | |
|---|---|
| campo de control de longitud fija | 01032aaa a2200289 4500 |
| 003 - IDENTIFICADOR DEL NÚMERO DE CONTROL | |
| campo de control | OSt |
| 005 - FECHA Y HORA DE LA ÚLTIMA TRANSACCIÓN | |
| campo de control | 20250424142530.0 |
| 007 - CAMPO FIJO DE DESCRIPCIÓN FÍSICA--INFORMACIÓN GENERAL | |
| campo de control de longitud fija | ta |
| 008 - DATOS DE LONGITUD FIJA--INFORMACIÓN GENERAL | |
| campo de control de longitud fija | 230204s2014 mx a||||||||| 001 0 spa d |
| 020 ## - NÚMERO INTERNACIONAL ESTÁNDAR DEL LIBRO | |
| Número Internacional Estándar del Libro | 9786071718945 |
| 040 ## - FUENTE DE LA CATALOGACIÓN | |
| Centro/agencia transcriptor | CHAP |
| 082 00 - NÚMERO DE LA CLASIFICACIÓN DECIMAL DEWEY | |
| Número de edición | 22 |
| Número de clasificación | 631.55 |
| Número de documento/Ítem | C83 2014 |
| 245 00 - MENCIÓN DE TÍTULO | |
| Título | Cosechadoras de forrajes / |
| Mención de responsabilidad, etc. | basado en el trabajo de Johan D. Berlijn ; colaboración Pieter M. Rijt...[y otros tres] |
| 250 ## - MENCIÓN DE EDICIÓN | |
| Mención de edición | Segunda edición. |
| 264 #1 - PRODUCCIÓN, PUBLICACIÓN, DISTRIBUCIÓN, FABRICACIÓN Y COPYRIGHT | |
| Producción, publicación, distribución, fabricación y copyright | México : |
| Nombre del de productor, editor, distribuidor, fabricante | Trillas, |
| Fecha de producción, publicación, distribución, fabricación o copyright | 2014. |
| 300 ## - DESCRIPCIÓN FÍSICA | |
| Extensión | 104 páginas : |
| Otras características físicas | Ilustraciones |
| 490 1# - MENCIÓN DE SERIE | |
| Mención de serie | Manuales para educación agropecuaria |
| Designación de volumen o secuencia | Mecánica agrícola |
| 504 ## - NOTA DE BIBLIOGRAFÍA, ETC. | |
| Nota de bibliografía, etc. | Bibliografía página 104. |
| 650 #4 - PUNTO DE ACCESO ADICIONAL DE MATERIA--TÉRMINO DE MATERIA | |
| 9 (RLIN) | 137264 |
| Término de materia o nombre geográfico como elemento de entrada | Maquinaria agrícola |
| Subdivisión general | Manuales |
| 650 #3 - PUNTO DE ACCESO ADICIONAL DE MATERIA--TÉRMINO DE MATERIA | |
| Término de materia o nombre geográfico como elemento de entrada | Cosechadoras de forrajes |
| 9 (RLIN) | 137262 |
| 650 #4 - PUNTO DE ACCESO ADICIONAL DE MATERIA--TÉRMINO DE MATERIA | |
| 9 (RLIN) | 137263 |
| Término de materia o nombre geográfico como elemento de entrada | Empacadoras |
| Subdivisión general | Manuales |
| 650 #4 - PUNTO DE ACCESO ADICIONAL DE MATERIA--TÉRMINO DE MATERIA | |
| 9 (RLIN) | 137265 |
| Término de materia o nombre geográfico como elemento de entrada | Segadoras |
| Subdivisión general | Manuales |
| 700 1# - PUNTO DE ACCESO ADICIONAL--NOMBRE DE PERSONA | |
| 9 (RLIN) | 11826 |
| Nombre de persona | Berlijn, Johan D. |
| 700 1# - PUNTO DE ACCESO ADICIONAL--NOMBRE DE PERSONA | |
| 9 (RLIN) | 187504 |
| Nombre de persona | Rijt, Pieter M. |
| Término indicativo de función/relación | colaborador. |
| 830 #0 - PUNTO DE ACCESO ADICIONAL DE SERIE-TÍTULO UNIFORME | |
| 9 (RLIN) | 142161 |
| Título uniforme | Manuales para educación agropecuaria |
| Designación de volumen o secuencia | Mecánica agrícola |
| 942 ## - ELEMENTOS DE PUNTO DE ACCESO ADICIONAL (KOHA) | |
| Tipo de ítem Koha | |
| Fuente del sistema de clasificación o colocación | Dewey Decimal Classification |
| Estado de retiro | Estado de pérdida | Fuente del sistema de clasificación o colocación | Estado dañado | Restricciones de uso | No para préstamo | Código de colección | Localización permanente | Ubicación/localización actual | Ubicación en estantería | Fecha de adquisición | Total de préstamos | Signatura topográfica completa | Código de barras | Fecha visto por última vez | Fecha del último préstamo | Precio válido a partir de | Tipo de ítem Koha | Número de copia |
|---|---|---|---|---|---|---|---|---|---|---|---|---|---|---|---|---|---|---|
| Dewey Decimal Classification | Préstamo 15 días | General | Biblioteca Central | Biblioteca Central | Planta principal - Colección General | 04/07/2023 | 1 | 631.55 C83 2014 | 33724002575587 | 11/06/2024 | 31/05/2024 | 07/04/2023 | Libro | |||||
| Dewey Decimal Classification | Préstamo 15 días | General | Biblioteca Central | Biblioteca Central | Planta principal - Colección General | 04/07/2023 | 631.55 C83 2014 | 33724002575629 | 04/07/2023 | 07/04/2023 | Libro | c.2 |
